000 00609nam a2200217Ia 4500
003 OSt
005 20220926013427.0
006 a|||||r|||| 00| 0
007 ta
008 220923b |||||||| |||| 00| 0 eng d
037 _cGeneral Book
040 _aRTL
_cRTL
_beng
041 _2eng
_aeng
082 _aY:1.635, J8/TD
100 _aGluckman Max
_9131537
245 0 _aAnalysis of a social situation in modern Zululand.
260 _aNew York
_bHumanities
_c1948
300 _ax,77p.
_ccm.
942 _hY:1.635, J8/TD
_cGB
_2CC
999 _c625928
_d625928